00999cam a22002777a 4500003000500000005001700005008004100022010001000063011001000073035001000083040000900093100003900102245012700141260004100268300002200309502011800331530003600449650001600485650003400501650001500535650002600550650002800576650002400604650003000628856006300658CHAP20220329142743.0030604s2003 mx r 00010 spa d a87298 a88270 a98815 cCHAP00aMartínez Chávez, Luis Ramón.10aDiferentes ecuaciones para predecir la producción de proteína en ganado lecheroc/por Luis Ramón Martínez Chávez aChapingo, Méx. :bEl autor,c2003. a39 h. ;bgráfs. aTesis (Ing. Agr. Esp. en Zootecnia) -- UACH. Departamento de Enseñanza, Investigación y Servicio en Zootecnia aTambién disponible en línea14aEcuaciones.14aGanado lecheroxProducción.14aLactancia.14aLechexComposición.14aLechexInvestigación.14aLechexProteínas.14aProteínasxMetabolismo. 3Finding aiduhttp://10.13.5.2/tesis/98815.pdfzTeclea aqui